logo

Bir Sreshtho Munshi Abdur Rouf Library
Jhenaidah Cadet College

The Encyclopedia of spectroscopy / (Record no. 9889)

MARC details
000 -LEADER
fixed length control field 00723cam a22002411 4500
001 - CONTROL NUMBER
JCCL Control Number 9889
003 - CONTROL NUMBER IDENTIFIER
JCCL marc code BD-JhCC
005 - DATE AND TIME OF LATEST TRANSACTION
control field 20180403122139.0
008 - FIXED-LENGTH DATA ELEMENTS--GENERAL INFORMATION
fixed length control field 180403s1960 nyua be 000 0 eng
035 ## - SYSTEM CONTROL NUMBER
system control number (BD-JhCC)9889
040 ## - CATALOGING SOURCE
Original cataloging agency DLC/ICU
Transcribing agency ICU
Modifying agency DLC
-- BD-JhCC
041 ## - LANGUAGE CODE
Language code of Book eng
050 00 - LIBRARY OF CONGRESS CALL NUMBER
Classification number QC451
Item number .E5
082 00 - DEWEY DECIMAL CLASSIFICATION NUMBER
Classification number 535.84082
Author mark and Year ENC 1960
245 04 - TITLE STATEMENT
Title The Encyclopedia of spectroscopy /
Statement of responsibility, etc Edited by George L. Clark.
260 ## - PUBLICATION, DISTRIBUTION, ETC. (IMPRINT)
Place of publication, distribution, etc New York:
Name of publisher, distributor, etc Reinhold Pub. Corp,
Date of publication, distribution, etc 1960.
300 ## - PHYSICAL DESCRIPTION
Pagination xvi, 787 p.
Other physical details illus., diagrs.
Dimensions 27 cm.
504 ## - BIBLIOGRAPHY, ETC. NOTE
Bibliography, etc Includes bibliographies.
650 #0 - SUBJECT ADDED ENTRY--TOPICAL TERM
Topical term or geographic name as entry element Spectrum analysis
General subdivision Encyclopedias.
700 1# - ADDED ENTRY--PERSONAL NAME
Personal name Clark, George L.
Fuller form of name (George Lindenberg),
Dates associated with a name 1892-1969,
942 ## - ADDED ENTRY ELEMENTS (KOHA)
Source of classification or shelving scheme Dewey Decimal Classification
Koha item type Books
Holdings
Source of classification or shelving scheme Damaged status Not for loan Home library Current library Shelving location Date of accession Total Checkouts Full call number Barcode Date last seen Copy number Koha item type
Dewey Decimal Classification     JCC Rouf Library JCC Rouf Library General Stacks 04/03/2018   535.84082 ENC 1960 13391 04/03/2018 C-1 Books

JCC Library | Contacts | JCC Home

Last Update on 23 September 2017
Copyright @ 2017-2020 JCC Rouf Library
Rouf Library, Jhenidah Cadet College (JCC), Bangladesh